[Event "Criciuma op-B"]
[Site "Criciuma"]
[Date "2024.01.14"]
[Round "4"]
[White "Da Silva, Alexandre H Da Rosa"]
[Black "Rodriguez, Rene Quispe"]
[Result "0-1"]
[WhiteElo "1800"]
[BlackElo "1537"]
[PlyCount "26"]
[EventDate "2024.01.12"]
[EventType "swiss"]
[EventRounds "9"]
[EventCountry "BRA"]
[SourceTitle "CB04_2024"]
[SourceDate "2023.10.16"]
[SourceVersion "1"]
[SourceVersionDate "2023.10.16"]
[SourceQuality "1"]

1. e4 c5 2. c3 e5 3. Nf3 Nc6 4. Bc4 Nf6 5. d3 d5 6. exd5 Nxd5 7. Qb3 Na5 8. Qa4+ Bd7 9. Bb5 Bxb5 10. Qxb5+ Nc6 11. c4 Ndb4 12. Nxe5 Qe7 13. Bf4 Nxd3+ 0-1

[Event "Criciuma op-B"]
[Site "Criciuma"]
[Date "2024.01.12"]
[Round "1"]
[White "Rodriguez, Rene Quispe"]
[Black "De Assuncao, Victor Emanuel Cost"]
[Result "0-1"]
[WhiteElo "1537"]
[BlackElo "1800"]
[PlyCount "50"]
[EventDate "2024.01.12"]
[EventType "swiss"]
[EventRounds "9"]
[EventCountry "BRA"]
[SourceTitle "CB04_2024"]
[SourceDate "2023.10.16"]
[SourceVersion "1"]
[SourceVersionDate "2023.10.16"]
[SourceQuality "1"]

1. c4 c5 2. Nc3 Nc6 3. g3 e5 4. Bg2 g6 5. e4 Bg7 6. Nge2 Nge7 7. 0-0 0-0 8. d3 d6 9. Bg5 f6 10. Be3 Nd4 11. Qd2 Be6 12. Bh6 Rb8 13. Bxg7 Kxg7 14. Nxd4 cxd4 15. Ne2 b5 16. b3 Qb6 17. f4 bxc4 18. bxc4 Bxc4 19. Kh1 Be6 20. h3 Qb2 21. Qxb2 Rxb2 22. Rf2 Rc8 23. Bf1 Rcc2 24. Kg2 d5 25. fxe5 fxe5 0-1

[Event "Santa Maria op 4th"]
[Site "Santa Maria"]
[Date "2023.11.26"]
[Round "5"]
[White "Lorenzi, Gabriel Goncalves"]
[Black "Rodriguez, Rene Quispe"]
[Result "0-1"]
[WhiteElo "1800"]
[BlackElo "1514"]
[PlyCount "118"]
[EventDate "2023.11.24"]
[EventType "swiss"]
[EventRounds "6"]
[EventCountry "BRA"]
[SourceTitle "CB49_2023"]
[SourceDate "2023.12.06"]
[SourceVersion "1"]
[SourceVersionDate "2023.12.06"]
[SourceQuality "1"]

1. d4 Nf6 2. Bf4 e6 3. Nf3 c5 4. c3 Nc6 5. e3 d5 6. Nbd2 Bd6 7. Bg3 0-0 8. Bd3 cxd4 9. cxd4 Nb4 10. Qe2 Qb6 11. 0-0 Bxg3 12. fxg3 Nxd3 13. Qxd3 Bd7 14. a4 Rfc8 15. b3 Qb4 16. Rac1 Qa3 17. Ra1 Qb2 18. Ne5 Be8 19. Rfb1 Qc3 20. Qxc3 Rxc3 21. Rc1 Rac8 22. Rxc3 Rxc3 23. Kf2 Rc2 24. Ke2 Ne4 25. Rd1 Rb2 26. Nef3 Nc3+ 27. Ke1 Nxd1 28. Kxd1 b5 29. Kc1 Rxd2 30. Nxd2 bxa4 31. Kb2 axb3 32. Nxb3 Bb5 33. g4 g6 34. Kc3 Kg7 35. Kb4 Be2 36. h3 Kf6 37. Ka5 Kg5 38. Kb4 Kh4 39. Kc5 a5 40. Kd6 a4 41. Nc1 Bb5 42. Ke7 f5 43. gxf5 exf5 44. Na2 Kg3 45. Kf7 Kxg2 46. Kg7 Kxh3 47. Kxh7 Kg4 48. Kxg6 Kf3 49. Kxf5 Kxe3 50. Ke6 Kxd4 51. Kd6 Ba6 52. Kc6 Bc8 53. Kb5 Bd7+ 54. Kb4 Bc6 55. Nc3 Kd3 56. Nxa4 Bxa4 57. Kxa4 Kc3 58. Kb5 d4 59. Kc5 d3 0-1

[Event "Santa Maria op 4th"]
[Site "Santa Maria"]
[Date "2023.11.25"]
[Round "4"]
[White "Rodriguez, Rene Quispe"]
[Black "Domingues, Michel Da Cruz"]
[Result "1/2-1/2"]
[WhiteElo "1514"]
[BlackElo "1712"]
[PlyCount "121"]
[EventDate "2023.11.24"]
[EventType "swiss"]
[EventRounds "6"]
[EventCountry "BRA"]
[SourceTitle "CB49_2023"]
[SourceDate "2023.12.06"]
[SourceVersion "1"]
[SourceVersionDate "2023.12.06"]
[SourceQuality "1"]

1. c4 f5 2. Nc3 Nf6 3. d3 e6 4. e4 fxe4 5. Nxe4 Bb4+ 6. Nc3 0-0 7. Bg5 Qe8 8. Be2 Qg6 9. Bxf6 Qxf6 10. Nf3 Bxc3+ 11. bxc3 Qxc3+ 12. Nd2 Nc6 13. 0-0 b6 14. Ne4 Qa5 15. d4 Bb7 16. Bf3 Qf5 17. Ng3 Qf6 18. a3 Rab8 19. Ne2 Qg6 20. Ng3 Qf6 21. Ne2 a5 22. Rc1 Qe7 23. Rc3 Rf6 24. Ng3 Rh6 25. Re1 Qh4 26. h3 Qxd4 27. Rd3 Qxc4 28. Rxd7 Rc8 29. Rxe6 Rxe6 30. Bd5 Qc5 31. Bxe6+ Kh8 32. Qg4 Qc1+ 33. Kh2 Qh6 34. Nh5 Qg6 35. Rxg7 Qxg4 36. Bxg4 Rf8 37. Rxc7 Nd8 38. f4 b5 39. Be2 b4 40. Bd3 Rf7 41. Rxf7 Nxf7 42. axb4 axb4 43. Nf6 h6 44. Ng4 Kg7 45. Ne3 Kf6 46. Kg1 Nd8 47. Bc4 Be4 48. Nd5+ Kf5 49. g4+ Kg6 50. Nxb4 Nb7 51. Bd5 Bxd5 52. Nxd5 Kf7 53. Ne3 Kg6 54. Nf5 h5 55. Nh4+ Kh6 56. g5+ Kg7 57. Nf3 Kg6 58. Nh4+ Kg7 59. Kg2 Nd6 60. g6 Kh6 61. Kf3 1/2-1/2